Stray Kids Songs (starting with the letter D) - Statistics

General Stats
  • This quiz has been taken 60 times
  • The average score is 6 of 13
Answer Stats
Songs % Correct
Do It
76%
DOMINO
71%
DIVINE
66%
Drive (Bang Chan, Lee Know)
63%
DOODLE (Changbin)
61%
Deep End (Felix)
50%
District 9
50%
DLC
50%
Double Knot
37%
DLMLU
29%
Don't Say (HAN)
21%
宿命 (Destiny/Fate)
18%
Destiny (Seungmin)
18%
No matching quizzes found
Score Distribution
Percent of People with Each Score
Percentile by Number Answered
Your Score History
You have not taken this quiz